Taylor Swift - Florida!!! Lyrics - Statistics

General Stats
  • This quiz has been taken 245 times
    243 since last reset
  • The average score is 356 of 426
Answer Stats
Answer % Correct
a
99%
A
99%
Florida
99%
(Florida)
99%
Florida)
99%
I
99%
in
98%
the
98%
The
98%
to
98%
to)
98%
You
97%
you
97%
Is
96%
of
95%
on
95%
your
95%
hell
94%
me
94%
one
94%
So
94%
so
94%
drug
93%
And
92%
and
92%
it
92%
can
91%
Can
91%
know
91%
be
90%
did
90%
my
90%
take
90%
(Take
90%
up?
90%
up
90%
you're
90%
just
89%
we
89%
For
87%
Go
87%
little
87%
Little
87%
too
87%
when
87%
all
86%
All
86%
town
85%
get
83%
got
83%
guest
83%
if
83%
it's
83%
It's
83%
like
83%
regrets
83%
say
83%
some
83%
that
83%
them
83%
They
83%
they
83%
was
83%
bury
81%
fuck
81%
had
81%
home's
81%
only
81%
really
81%
beat
80%
friends
80%
I'll
79%
I'm
79%
time
78%
heat
77%
I've
77%
or
77%
said
77%
smell
77%
away
76%
weed
76%
babies
75%
hurricane
75%
life
75%
need
75%
thing
75%
this
75%
use
75%
you'll
75%
arrested
74%
with
74%
but
73%
cheat
73%
down
73%
forget
73%
myself
72%
bad
71%
charges
71%
crazy
71%
No
71%
song?
71%
came
70%
guess
70%
name
70%
true
70%
At
69%
best
69%
Texas
69%
bottle
68%
city
68%
driving
68%
have
68%
are
67%
back
67%
must
67%
Tell
67%
Well
67%
well
67%
What
67%
what
67%
wine
66%
body
65%
Destin
65%
been
63%
ghosts
63%
husband
63%
pack
63%
unforgivable
63%
cheating
62%
haunted
62%
here
62%
rest
62%
any
60%
asks
60%
despicable
60%
feeling
60%
fine
60%
mind
60%
questions
60%
reeks
60%
Yes
60%
pay
59%
share
59%
shitstorm
59%
bodies
58%
drunk
58%
ever
58%
lay
58%
wash
58%
bathroom
57%
beautiful
57%
least
57%
dolls
56%
into
56%
sink
56%
their
56%
disappeared
55%
rush
54%
work
53%
don't
50%
wait
50%
swamp
49%
want
49%
Barricaded
48%
dared
48%
girls
48%
lace
48%
out
48%
crash
47%
crimes
44%
exist
41%
Love
41%
left
34%
No matching quizzes found
Score Distribution
Percent of People with Each Score
Percentile by Number Answered
Your Score History
You have not taken this quiz since the last reset